000
00311 a2200121 4500
000
nam a22 7a 4500
020
_a
1576450082
100
_a
Pefley,Richard K
_9
104
245
_a
Mechanical engineering problems and solutions
250
_a
6
260
_b
Engineering Press
_c
1997
264
_b
Engineering Press
999
_c
35990
_d
35990